<?xml version="1.0" encoding="UTF-8"?>
<record
    xmlns:xsi="http://www.w3.org/2001/XMLSchema-instance"
    xsi:schemaLocation="http://www.loc.gov/MARC21/slim http://www.loc.gov/standards/marcxml/schema/MARC21slim.xsd"
    xmlns="http://www.loc.gov/MARC21/slim">

  <leader>00457nam a22001577a 4500</leader>
  <controlfield tag="003">OSt</controlfield>
  <controlfield tag="005">20151118160530.0</controlfield>
  <controlfield tag="008">151118b        xxu||||| |||| 00| 0 eng d</controlfield>
  <datafield tag="040" ind1=" " ind2=" ">
    <subfield code="c">RUA</subfield>
  </datafield>
  <datafield tag="082" ind1=" " ind2=" ">
    <subfield code="a">FIS &#x17A2;&#x17CA;&#x17BB;&#x178F; 1992 B147 or.1</subfield>
  </datafield>
  <datafield tag="100" ind1=" " ind2=" ">
    <subfield code="9">3888</subfield>
    <subfield code="a">&#x17A2;&#x17CA;&#x17BB;&#x178F; &#x179F;&#x17C0;&#x1780;&#x1795;&#x17C1;&#x1784; </subfield>
  </datafield>
  <datafield tag="245" ind1=" " ind2=" ">
    <subfield code="a">&#x1780;&#x17B6;&#x179A;&#x1797;&#x17D2;&#x1789;&#x17B6;&#x179F;&#x17CB;&#x178F;&#x17D2;&#x179A;&#x17B8;&#x1780;&#x17B6;&#x1794;&#x179F;&#x17B6;&#x1798;&#x1789;&#x17D2;&#x1789;&#x17B6;</subfield>
  </datafield>
  <datafield tag="260" ind1=" " ind2=" ">
    <subfield code="a">Phnom Penh</subfield>
    <subfield code="b">RUA</subfield>
    <subfield code="c">1992</subfield>
  </datafield>
  <datafield tag="300" ind1=" " ind2=" ">
    <subfield code="a">43p.</subfield>
    <subfield code="b">ill.</subfield>
    <subfield code="c">29cm.</subfield>
  </datafield>
  <datafield tag="942" ind1=" " ind2=" ">
    <subfield code="2">ddc</subfield>
    <subfield code="c">FIS</subfield>
  </datafield>
  <datafield tag="999" ind1=" " ind2=" ">
    <subfield code="c">3615</subfield>
    <subfield code="d">3615</subfield>
  </datafield>
  <datafield tag="952" ind1=" " ind2=" ">
    <subfield code="0">0</subfield>
    <subfield code="1">0</subfield>
    <subfield code="2">ddc</subfield>
    <subfield code="4">0</subfield>
    <subfield code="6">FIS_&#x17A2;&#x17BB;&#x178F;_1992_000000000000000_B147_OR_1</subfield>
    <subfield code="7">0</subfield>
    <subfield code="9">17643</subfield>
    <subfield code="a">LBB</subfield>
    <subfield code="b">LBB</subfield>
    <subfield code="c">B147</subfield>
    <subfield code="d">2015-11-18</subfield>
    <subfield code="o">FIS &#x17A2;&#x17CA;&#x17BB;&#x178F; 1992 B147 or.1</subfield>
    <subfield code="p">RUA020773</subfield>
    <subfield code="r">2015-11-18</subfield>
    <subfield code="w">2015-11-18</subfield>
    <subfield code="y">FIS</subfield>
  </datafield>
  <datafield tag="952" ind1=" " ind2=" ">
    <subfield code="0">0</subfield>
    <subfield code="1">0</subfield>
    <subfield code="2">ddc</subfield>
    <subfield code="4">0</subfield>
    <subfield code="6">FIS_&#x17A2;&#x17BB;&#x178F;_1992_000000000000000_B147_OR_2</subfield>
    <subfield code="7">0</subfield>
    <subfield code="9">17644</subfield>
    <subfield code="a">LBB</subfield>
    <subfield code="b">LBB</subfield>
    <subfield code="c">B147</subfield>
    <subfield code="d">2015-11-18</subfield>
    <subfield code="o">FIS &#x17A2;&#x17CA;&#x17BB;&#x178F; 1992 B147 or.2</subfield>
    <subfield code="p">RUA020921</subfield>
    <subfield code="r">2015-11-18</subfield>
    <subfield code="w">2015-11-18</subfield>
    <subfield code="y">FIS</subfield>
  </datafield>
  <datafield tag="952" ind1=" " ind2=" ">
    <subfield code="0">0</subfield>
    <subfield code="1">0</subfield>
    <subfield code="2">ddc</subfield>
    <subfield code="4">0</subfield>
    <subfield code="6">FIS_&#x17A2;&#x17BB;&#x178F;_1992_000000000000000_B147_OR_3</subfield>
    <subfield code="7">0</subfield>
    <subfield code="9">17645</subfield>
    <subfield code="a">LBB</subfield>
    <subfield code="b">LBB</subfield>
    <subfield code="c">B147</subfield>
    <subfield code="d">2015-11-18</subfield>
    <subfield code="o">FIS &#x17A2;&#x17CA;&#x17BB;&#x178F; 1992 B147 or.3</subfield>
    <subfield code="p">RUA020993</subfield>
    <subfield code="r">2015-11-18</subfield>
    <subfield code="w">2015-11-18</subfield>
    <subfield code="y">FIS</subfield>
  </datafield>
  <datafield tag="952" ind1=" " ind2=" ">
    <subfield code="0">0</subfield>
    <subfield code="1">0</subfield>
    <subfield code="2">ddc</subfield>
    <subfield code="4">0</subfield>
    <subfield code="6">FIS_&#x17A2;&#x17BB;&#x178F;_1992_000000000000000_B147_OR_4</subfield>
    <subfield code="7">0</subfield>
    <subfield code="9">17646</subfield>
    <subfield code="a">LBB</subfield>
    <subfield code="b">LBB</subfield>
    <subfield code="c">B147</subfield>
    <subfield code="d">2015-11-18</subfield>
    <subfield code="o">FIS &#x17A2;&#x17CA;&#x17BB;&#x178F; 1992 B147 or.4</subfield>
    <subfield code="p">RUA020849</subfield>
    <subfield code="r">2015-11-18</subfield>
    <subfield code="w">2015-11-18</subfield>
    <subfield code="y">FIS</subfield>
  </datafield>
  <datafield tag="952" ind1=" " ind2=" ">
    <subfield code="0">0</subfield>
    <subfield code="1">0</subfield>
    <subfield code="2">ddc</subfield>
    <subfield code="4">0</subfield>
    <subfield code="6">FIS_&#x17A2;&#x17BB;&#x178F;_1992_000000000000000_B147_OR_5</subfield>
    <subfield code="7">0</subfield>
    <subfield code="9">17647</subfield>
    <subfield code="a">LBB</subfield>
    <subfield code="b">LBB</subfield>
    <subfield code="c">B147</subfield>
    <subfield code="d">2015-11-18</subfield>
    <subfield code="o">FIS &#x17A2;&#x17CA;&#x17BB;&#x178F; 1992 B147 or.5</subfield>
    <subfield code="p">RUA020927</subfield>
    <subfield code="r">2015-11-18</subfield>
    <subfield code="w">2015-11-18</subfield>
    <subfield code="y">FIS</subfield>
  </datafield>
  <datafield tag="952" ind1=" " ind2=" ">
    <subfield code="0">0</subfield>
    <subfield code="1">0</subfield>
    <subfield code="2">ddc</subfield>
    <subfield code="4">0</subfield>
    <subfield code="6">FIS_&#x17A2;&#x17BB;&#x178F;_1992_000000000000000_B147_OR_6</subfield>
    <subfield code="7">0</subfield>
    <subfield code="9">17648</subfield>
    <subfield code="a">LBB</subfield>
    <subfield code="b">LBB</subfield>
    <subfield code="c">B147</subfield>
    <subfield code="d">2015-11-18</subfield>
    <subfield code="o">FIS &#x17A2;&#x17CA;&#x17BB;&#x178F; 1992 B147 or.6</subfield>
    <subfield code="p">RUA020772</subfield>
    <subfield code="r">2015-11-18</subfield>
    <subfield code="w">2015-11-18</subfield>
    <subfield code="y">FIS</subfield>
  </datafield>
  <datafield tag="952" ind1=" " ind2=" ">
    <subfield code="0">0</subfield>
    <subfield code="1">0</subfield>
    <subfield code="2">ddc</subfield>
    <subfield code="4">0</subfield>
    <subfield code="6">FIS_&#x17A2;&#x17BB;&#x178F;_1992_000000000000000_B147_OR_7</subfield>
    <subfield code="7">0</subfield>
    <subfield code="9">17649</subfield>
    <subfield code="a">LBB</subfield>
    <subfield code="b">LBB</subfield>
    <subfield code="c">B147</subfield>
    <subfield code="d">2015-11-18</subfield>
    <subfield code="o">FIS &#x17A2;&#x17CA;&#x17BB;&#x178F; 1992 B147 or.7</subfield>
    <subfield code="p">RUA020777</subfield>
    <subfield code="r">2015-11-18</subfield>
    <subfield code="w">2015-11-18</subfield>
    <subfield code="y">FIS</subfield>
  </datafield>
</record>
